| 000 | 00696nam a2200229Ia 4500 | ||
|---|---|---|---|
| 003 | OSt | ||
| 005 | 20220927105045.0 | ||
| 006 | a|||||r|||| 00| 0 | ||
| 007 | ta | ||
| 008 | 220926b |||||||| |||| 00| 0 eng d | ||
| 024 | _a159411 | ||
| 037 | _cReference Collections | ||
| 040 |
_aRTL _cRTL _beng |
||
| 041 |
_2eng _aeng |
||
| 082 | _a"X71 m245, N69.N7, L6" | ||
| 110 |
_aHIMACHAL PRADESH (Government of-) _9369967 |
||
| 245 | 0 |
_aBudget _b Annual financial statement |
|
| 260 |
_aShimla _bGovt. of Himachal Pradesh _c1976 |
||
| 700 |
_aHIMACHAL PRADESH (Government of-) _9369968 |
||
| 942 |
_h"X71 m245, N69.N7, L6" _cCC |
||
| 999 |
_c690517 _d690517 |
||